[Event "SVK-Tch"]
[Site "SVK"]
[Date "2014.10.26"]
[Round "2.5"]
[White "Antoniewski, Rafal"]
[Black "Krnan, Tomas"]
[Result "1/2-1/2"]
[WhiteElo "2552"]
[BlackElo "2423"]
[PlyCount "55"]
[GameId "2130307664368453"]
[EventDate "2014.10.25"]
[EventType "team"]
[EventRounds "11"]
[EventCountry "SVK"]
[SourceTitle "The Week in Chess 1042"]
[Source "Mark Crowther"]
[SourceDate "2014.10.27"]
[SourceVersion "2"]
[SourceVersionDate "2014.11.03"]
[SourceQuality "2"]
[WhiteTeam "TJ INBEST Dunajov"]
[BlackTeam "Liptovska sachova skola"]

1. d4 f5 2. Nc3 Nf6 3. Bg5 d5 4. e3 e6 5. Nf3 a6 6. Bd3 Bd6 7. O-O O-O 8. Ne2 h6 9. Bf4 c5 10. dxc5 Bxc5 11. c4 Nc6 12. cxd5 Nxd5 13. Bc4 g5 14. Bg3 Be7 15. Bxd5 Qxd5 16. Qxd5 exd5 17. Rad1 Be6 18. Ned4 Nxd4 19. Nxd4 Kf7 20. Be5 Rfc8 21. Rd3 Bc5 22. Nxe6 Kxe6 23. Bg7 Rg8 24. Bc3 Rgd8 25. Rfd1 Rac8 26. Kf1 Be7 27. Ke2 b5 28. f3 1/2-1/2

[Event "SVK-Tch 1.Liga Vychod 2014-15"]
[Site "SVK"]
[Date "2014.10.18"]
[Round "1.1"]
[White "Sremanak, Slavomir"]
[Black "Krnan, Tomas"]
[Result "1/2-1/2"]
[WhiteElo "2160"]
[BlackElo "2423"]
[PlyCount "87"]
[GameId "2130307664874671"]
[EventDate "2014.10.18"]
[EventType "team"]
[EventRounds "11"]
[EventCountry "SVK"]
[SourceTitle "10 Days #426"]
[Source "Chess Mix"]
[WhiteTeam "Margecany OSK Eltra"]
[BlackTeam "Banska Bystrica SK junior CVC"]

1. e4 e5 2. Nc3 Nf6 3. f4 d5 4. d3 d4 5. Nce2 Nc6 6. Nf3 Bg4 7. Nxe5 Nxe5 8. fxe5 Nd7 9. Bf4 Bb4+ 10. Bd2 Bxd2+ 11. Qxd2 Nxe5 12. Ng3 h5 13. Be2 h4 14. Nf1 h3 15. gxh3 Bxe2 16. Qxe2 Qg5 17. Nd2 Rxh3 18. O-O-O O-O-O 19. Rdf1 Qh6 20. Kb1 Rh8 21. Nb3 Qd6 22. Qg2 g6 23. Qf2 c5 24. Qd2 b6 25. a3 Re3 26. Qg2 Qe6 27. Nd2 Rhh3 28. Rf4 Rh5 29. h4 b5 30. Nf3 Nxf3 31. Rxf3 Rxh4 32. Rxe3 Rxh1+ 33. Qxh1 dxe3 34. Qf3 g5 35. Qxe3 Qe5 36. Qh3+ Kc7 37. Qf3 f6 38. Kc1 Kd6 39. c3 a5 40. Kd2 Qh2+ 41. Ke3 Ke7 42. Qf5 Qg1+ 43. Ke2 Qh2+ 44. Kf3 1/2-1/2

[Event "SVK-Tch 1.Liga Vychod 2014-15"]
[Site "SVK"]
[Date "2014.10.19"]
[Round "2.1"]
[White "Krnan, Tomas"]
[Black "Stockova, Zuzana"]
[Result "1-0"]
[WhiteElo "2423"]
[BlackElo "2378"]
[PlyCount "81"]
[GameId "2130307664874718"]
[EventDate "2014.10.18"]
[EventType "team"]
[EventRounds "11"]
[EventCountry "SVK"]
[SourceTitle "10 Days #426"]
[Source "Chess Mix"]
[WhiteTeam "Banska Bystrica SK junior CVC"]
[BlackTeam "Kezmarok MSK CORA GEO  KdV"]

1. e4 c5 2. Nf3 Nc6 3. Bb5 d6 4. O-O Bd7 5. Re1 Nf6 6. c3 a6 7. Bf1 Bg4 8. h3 Bxf3 9. Qxf3 g6 10. d3 Bg7 11. Be3 O-O 12. Nd2 Rc8 13. Qd1 e5 14. Qb3 Na5 15. Qa3 Nc6 16. Rab1 Kh8 17. b4 cxb4 18. cxb4 d5 19. b5 axb5 20. Rxb5 dxe4 21. dxe4 Nd4 22. Bxd4 exd4 23. Rxb7 Rc3 24. Qa7 Bh6 25. Nb1 Rc8 26. Rxf7 Ra8 27. Rxf8+ Bxf8 28. Qf7 Bc5 29. e5 Nd5 30. Bc4 Nb4 31. Nd2 Qe7 32. Qf6+ Qxf6 33. exf6 Bf8 34. Nf3 Rc8 35. Ne5 h6 36. Be6 Ra8 37. Nxg6+ Kh7 38. Bf5 Kg8 39. Re4 Nc6 40. Ne7+ Bxe7 41. fxe7 1-0

[Event "Tatry op"]
[Site "Tatranske Zruby SVK"]
[Date "2014.09.28"]
[Round "1.3"]
[White "Krnan, Tomas"]
[Black "Marek, Matyas"]
[Result "0-1"]
[WhiteElo "2423"]
[BlackElo "2200"]
[PlyCount "104"]
[GameId "2130307665502743"]
[EventDate "2014.09.28"]
[EventType "swiss"]
[EventRounds "9"]
[EventCountry "SVK"]
[SourceTitle "10 Days #413"]
[Source "Chess Mix"]

1. e4 c5 2. Nf3 d6 3. Bb5+ Bd7 4. Bxd7+ Qxd7 5. O-O g6 6. c3 Bg7 7. d4 Nf6 8. Re1 Nc6 9. d5 Nd8 10. c4 e5 11. dxe6 Nxe6 12. Nc3 Ng4 13. Nb5 Ke7 14. Ng5 Nd4 15. h3 Nxb5 16. cxb5 Nh6 17. Bf4 f6 18. Qd2 Rhd8 19. Rad1 a6 20. a4 axb5 21. axb5 Ra4 22. Qd5 b6 23. Qb3 Rb4 24. Qg3 fxg5 25. Bxg5+ Kf8 26. Bxd8 Qxd8 27. Rxd6 Qe7 28. Rd5 Bd4 29. Qb8+ Kg7 30. Qxb6 Nf7 31. Re2 Ne5 32. Kh1 Rc4 33. Qd8 Qf7 34. Qh4 Nd3 35. Rxd4 cxd4 36. Rd2 Nf4 37. Qg3 Ne6 38. b6 Rc6 39. b7 Qxb7 40. Qe5+ Kf7 41. Qh8 Rc1+ 42. Kh2 Qxe4 43. Qxh7+ Ng7 44. Qh6 Qe5+ 45. g3 Qe4 46. f3 Qxf3 47. Rg2 Rf1 48. Qd2 Nf5 49. Qc2 Ne3 50. Qc7+ Kg8 51. Qd8+ Qf8 52. Qb6 Ng4+ 0-1

[Event "Tatry op"]
[Site "Tatranske Zruby SVK"]
[Date "2014.09.29"]
[Round "2.27"]
[White "Haring, Filip"]
[Black "Krnan, Tomas"]
[Result "0-1"]
[WhiteElo "2078"]
[BlackElo "2423"]
[PlyCount "70"]
[GameId "2130307665506903"]
[EventDate "2014.09.28"]
[EventType "swiss"]
[EventRounds "9"]
[EventCountry "SVK"]
[SourceTitle "10 Days #413"]
[Source "Chess Mix"]

1. Nf3 Nf6 2. g3 g6 3. Bg2 Bg7 4. d4 O-O 5. O-O d6 6. c4 Nc6 7. Nc3 a6 8. Bg5 h6 9. Bxf6 Bxf6 10. h3 Rb8 11. Qd2 Bg7 12. Rac1 Bd7 13. d5 Na5 14. b3 c5 15. dxc6 bxc6 16. Kh2 c5 17. e3 Nc6 18. Ne1 Nb4 19. f4 a5 20. Nf3 Qe8 21. e4 Bc6 22. f5 e6 23. f6 Bxf6 24. Qxh6 Qe7 25. h4 Nd3 26. Rc2 Bg7 27. Qe3 Ne5 28. Bh3 Rb4 29. Rd2 a4 30. Rff2 axb3 31. axb3 Rxb3 32. Nxe5 Bxe5 33. Nd5 Qb7 34. Ne7+ Kg7 35. Qg5 Rxg3 0-1

[Event "Tatry op"]
[Site "Tatranske Zruby SVK"]
[Date "2014.09.30"]
[Round "3.15"]
[White "Krnan, Tomas"]
[Black "Rous, Daniel"]
[Result "1/2-1/2"]
[WhiteElo "2423"]
[BlackElo "2188"]
[PlyCount "51"]
[GameId "2130307665506931"]
[EventDate "2014.09.28"]
[EventType "swiss"]
[EventRounds "9"]
[EventCountry "SVK"]
[SourceTitle "10 Days #413"]
[Source "Chess Mix"]

1. e4 c5 2. Nf3 d6 3. Bb5+ Bd7 4. Bxd7+ Qxd7 5. c4 Nc6 6. Nc3 g6 7. d4 cxd4 8. Nxd4 Bg7 9. Nde2 Nf6 10. O-O a6 11. f3 Rb8 12. a4 O-O 13. Bg5 Rfc8 14. b3 Ne8 15. Rc1 Nc7 16. Nd5 Nxd5 17. cxd5 Nb4 18. Qd2 a5 19. Nd4 Rxc1 20. Rxc1 Bxd4+ 21. Qxd4 b5 22. axb5 f6 23. Bh6 Qxb5 24. Qa7 Kf7 25. Rc7 Qb6+ 26. Qxb6 1/2-1/2

[Event "Tatry op"]
[Site "Tatranske Zruby SVK"]
[Date "2014.09.30"]
[Round "4.18"]
[White "Splichal, Stanislav"]
[Black "Krnan, Tomas"]
[Result "0-1"]
[WhiteElo "2129"]
[BlackElo "2423"]
[PlyCount "80"]
[GameId "2130307665511069"]
[EventDate "2014.09.28"]
[EventType "swiss"]
[EventRounds "9"]
[EventCountry "SVK"]
[SourceTitle "10 Days #413"]
[Source "Chess Mix"]

1. d4 Nf6 2. Nf3 g6 3. g3 Bg7 4. Bg2 O-O 5. O-O d6 6. a4 Na6 7. Nc3 c5 8. d5 Bf5 9. Nd2 Nc7 10. h3 a6 11. e4 Bd7 12. Nc4 b5 13. Nb6 Rb8 14. Nxd7 Nxd7 15. Re1 Ne5 16. Bf1 e6 17. f4 Nd7 18. axb5 axb5 19. dxe6 fxe6 20. Be3 b4 21. Na4 Qe7 22. Bc4 Kh8 23. Qd2 e5 24. Rad1 Ne8 25. f5 gxf5 26. Bg5 Ndf6 27. exf5 Qd7 28. b3 Qxf5 29. g4 Qg6 30. Bxf6 Bxf6 31. Bd3 Qg7 32. Rf1 Nc7 33. Bf5 Nb5 34. Qd5 Rbd8 35. Nb6 Nc3 36. Qc6 Nxd1 37. Rxd1 e4 38. Qxe4 Bd4+ 39. Kh1 Rde8 40. Qf4 Qb7+ 0-1

[Event "Tatry op"]
[Site "Tatranske Zruby SVK"]
[Date "2014.10.01"]
[Round "5.11"]
[White "Krnan, Tomas"]
[Black "Masak, Pavel"]
[Result "1-0"]
[WhiteElo "2423"]
[BlackElo "2053"]
[PlyCount "59"]
[GameId "2130307665511102"]
[EventDate "2014.09.28"]
[EventType "swiss"]
[EventRounds "9"]
[EventCountry "SVK"]
[SourceTitle "10 Days #413"]
[Source "Chess Mix"]

1. Nf3 c5 2. g3 Nc6 3. Bg2 g6 4. O-O Bg7 5. e4 d6 6. c3 Nf6 7. Re1 O-O 8. h3 Ne5 9. Nxe5 dxe5 10. d3 Qc7 11. Be3 Be6 12. Qe2 Rfd8 13. Kh2 a6 14. c4 b5 15. Nc3 Rab8 16. Nd5 Qd6 17. b4 Nd7 18. Rac1 Bxd5 19. cxd5 Rbc8 20. bxc5 Nxc5 21. Qc2 Nd7 22. Qxc8 Rxc8 23. Rxc8+ Nf8 24. Bc5 Qd7 25. Ra8 Qc7 26. Rc1 h5 27. Rxa6 Bh6 28. Be3 Qb7 29. Rb6 Qa7 30. Rxg6+ 1-0

[Event "Tatry op"]
[Site "Tatranske Zruby SVK"]
[Date "2014.10.02"]
[Round "6.5"]
[White "Veleski, Robert"]
[Black "Krnan, Tomas"]
[Result "1/2-1/2"]
[WhiteElo "2284"]
[BlackElo "2423"]
[PlyCount "158"]
[GameId "2130307665515233"]
[EventDate "2014.09.28"]
[EventType "swiss"]
[EventRounds "9"]
[EventCountry "SVK"]
[SourceTitle "10 Days #413"]
[Source "Chess Mix"]

1. e4 e5 2. Nf3 Nc6 3. Bb5 a6 4. Ba4 Nge7 5. c3 g6 6. d4 Bg7 7. d5 Nb8 8. d6 Nec6 9. Bb3 cxd6 10. Nbd2 b5 11. Nf1 a5 12. h4 a4 13. Bd5 h6 14. h5 Ra6 15. Ne3 Ne7 16. hxg6 Nxg6 17. Nf5 Qf6 18. g3 Nc6 19. Nh2 Nf8 20. Qh5 Ne6 21. Be3 Ne7 22. Ng4 Qg6 23. Bxe6 dxe6 24. Qxg6 fxg6 25. Nxg7+ Kf7 26. Bxh6 Ng8 27. O-O-O Nxh6 28. Rxh6 Rxh6 29. Nxh6+ Kxg7 30. Ng4 Rc6 31. Kd2 Ba6 32. Ne3 Bb7 33. Nc2 d5 34. Nb4 Rc4 35. b3 Rc7 36. Nd3 Kf6 37. b4 dxe4 38. Nc5 Bd5 39. a3 Kg5 40. Ke3 Rf7 41. Nxe4+ Bxe4 42. Kxe4 Rxf2 43. Rd6 Re2+ 44. Kf3 Ra2 45. Rxe6 Kf5 46. Rc6 Rxa3 47. g4+ Kg5 48. Rc5 Kh4 49. Rc6 Rb3 50. Ke4 g5 51. Kf3 e4+ 52. Kxe4 Kxg4 53. Rc5 Kh4 54. Rxb5 Rxc3 55. Kd4 Rb3 56. Kc4 g4 57. Ra5 Ra3 58. Ra8 g3 59. Rh8+ Kg4 60. Rg8+ Kf3 61. b5 Rb3 62. Rf8+ Ke2 63. Ra8 Ra3 64. b6 Rb3 65. Re8+ Kf2 66. Rf8+ Kg1 67. Kc5 g2 68. Kc6 a3 69. b7 a2 70. Ra8 Rb2 71. Rxa2 Rxa2 72. b8=Q Re2 73. Kd5 Kf1 74. Qb1+ Re1 75. Qf5+ Ke2 76. Qg4+ Kf2 77. Qh4+ Ke2 78. Qg4+ Kf2 79. Qh4+ Ke2 1/2-1/2

[Event "Tatry op"]
[Site "Tatranske Zruby SVK"]
[Date "2014.10.03"]
[Round "7.9"]
[White "Krnan, Tomas"]
[Black "Hadzi Manev, Ljubomir"]
[Result "1-0"]
[WhiteElo "2423"]
[BlackElo "2046"]
[PlyCount "53"]
[GameId "2130307665515276"]
[EventDate "2014.09.28"]
[EventType "swiss"]
[EventRounds "9"]
[EventCountry "SVK"]
[SourceTitle "10 Days #413"]
[Source "Chess Mix"]

1. e4 c6 2. d4 d5 3. Nc3 dxe4 4. Nxe4 Nf6 5. Nxf6+ gxf6 6. Ne2 Nd7 7. Ng3 Nb6 8. Be2 e5 9. Be3 Be6 10. O-O Nc4 11. b3 Nxe3 12. fxe3 Qb6 13. Bg4 O-O-O 14. c3 c5 15. d5 h5 16. Bf5 Bh6 17. Qf3 Bxf5 18. Nxf5 c4 19. bxc4 Qc5 20. Qe4 Rdg8 21. h3 Kb8 22. Rab1 a6 23. d6 b6 24. Rfd1 Ka7 25. d7 Rd8 26. Rd6 Bf8 27. Rc6 1-0

[Event "Tatry op"]
[Site "Tatranske Zruby SVK"]
[Date "2014.10.04"]
[Round "8.6"]
[White "Najgebauer, Szemjon"]
[Black "Krnan, Tomas"]
[Result "0-1"]
[WhiteElo "2273"]
[BlackElo "2423"]
[PlyCount "56"]
[GameId "2130307665515312"]
[EventDate "2014.09.28"]
[EventType "swiss"]
[EventRounds "9"]
[EventCountry "SVK"]
[SourceTitle "10 Days #413"]
[Source "Chess Mix"]

1. d4 f5 2. g3 Nf6 3. Bg2 g6 4. Nh3 Bg7 5. O-O d6 6. Nf4 O-O 7. c4 e5 8. dxe5 dxe5 9. Nd5 c6 10. Nxf6+ Qxf6 11. Nc3 e4 12. Qc2 Be6 13. Be3 Nd7 14. Rad1 Ne5 15. b3 g5 16. Bc5 Rfe8 17. f3 exf3 18. exf3 Nxc4 19. Bd4 Qxd4+ 20. Rxd4 Bxd4+ 21. Kh1 Ne3 22. Qd2 Rad8 23. Re1 Bf7 24. Qc1 h6 25. Re2 c5 26. h3 a6 27. Qd2 Bxc3 28. Qxc3 Rd1+ 0-1

[Event "Tatry op"]
[Site "Tatranske Zruby SVK"]
[Date "2014.10.05"]
[Round "9.2"]
[White "Krnan, Tomas"]
[Black "Zambor, Norbert"]
[Result "1-0"]
[WhiteElo "2423"]
[BlackElo "2279"]
[PlyCount "67"]
[GameId "2130307665519445"]
[EventDate "2014.09.28"]
[EventType "swiss"]
[EventRounds "9"]
[EventCountry "SVK"]
[SourceTitle "10 Days #413"]
[Source "Chess Mix"]

1. e4 c5 2. Nf3 Nc6 3. Bb5 e5 4. Bxc6 dxc6 5. O-O Bd6 6. d3 Ne7 7. Nbd2 Ng6 8. Nc4 h6 9. Be3 Be6 10. Nfd2 Be7 11. Qh5 Qc7 12. Nf3 Bd6 13. a4 a5 14. g3 b5 15. Nxd6+ Qxd6 16. Nd2 Qd7 17. Qe2 Bh3 18. Rfe1 h5 19. Nb3 h4 20. Nxc5 Qc8 21. axb5 cxb5 22. d4 hxg3 23. fxg3 exd4 24. Bxd4 Kf8 25. e5 Bg4 26. Qxb5 Rb8 27. Qa6 Qe8 28. e6 Kg8 29. Qa7 Rd8 30. exf7+ Qxf7 31. Qxf7+ Kxf7 32. Bc3 Rh5 33. Rxa5 Kg8 34. Ra7 1-0

[Event "SVK-ch op"]
[Site "Banska Stiavnica SVK"]
[Date "2013.07.06"]
[Round "1.15"]
[White "Sosovicka, Matej"]
[Black "Krnan, Tomas"]
[Result "0-1"]
[WhiteElo "2102"]
[BlackElo "2411"]
[PlyCount "128"]
[GameId "2129404788672019"]
[EventDate "2013.07.06"]
[EventType "swiss"]
[EventRounds "9"]
[EventCountry "SVK"]
[TimeControl "6000+1055"]
[WhiteClock "0:01:28"]
[BlackClock "0:02:14"]

1. e4 e5 2. Nf3 Nc6 3. Bc4 Nf6 4. d3 Be7 5. O-O O-O 6. Re1 d6 7. a4 Na5 8. Ba2 c5 9. c3 a6 10. Na3 Bg4 11. h3 Bh5 12. Nc2 b5 13. Ne3 h6 14. g4 Bg6 15. Nh4 Kh7 16. Nhf5 Ng8 17. Bd5 Rc8 18. axb5 axb5 19. Bd2 Nc6 20. Ra6 Nb8 21. Ra7 Rc7 22. Ra5 Bxf5 23. gxf5 Bg5 24. Rxb5 g6 25. Qb3 Nf6 26. Kh1 gxf5 27. exf5 Nxd5 28. Qxd5 Qd7 29. Rb6 Rc6 30. Rxc6 Nxc6 31. Ng4 Ne7 32. Qe4 Qxf5 33. Bxg5 hxg5 34. Nf6+ Kg6 35. Qxf5+ Nxf5 36. Ne4 Rb8 37. Re2 Ra8 38. Ng3 Ra1+ 39. Kh2 Nh4 40. Ne4 Ra6 41. b4 cxb4 42. cxb4 f5 43. b5 Ra3 44. Nxd6 Rxd3 45. Nc4 Nf3+ 46. Kg2 e4 47. Re3 Rd1 48. Rxf3 exf3+ 49. Kxf3 Rb1 50. Nd6 Kf6 51. Ne8+ Ke7 52. Nc7 Kd7 53. Nd5 Rxb5 54. Nf6+ Ke6 55. Nh7 Rb3+ 56. Kg2 g4 57. hxg4 fxg4 58. Ng5+ Kf5 59. Nf7 Rd3 60. Nh6+ Kf4 61. Ng8 Rd6 62. Ne7 Ke5 63. Kg3 Kf6 64. Nc8 Ra6 0-1

[Event "SVK-ch op"]
[Site "Banska Stiavnica SVK"]
[Date "2013.07.07"]
[Round "2.13"]
[White "Krnan, Tomas"]
[Black "Juhar, Roman"]
[Result "1-0"]
[WhiteElo "2411"]
[BlackElo "2213"]
[PlyCount "26"]
[GameId "2129404788672049"]
[EventDate "2013.07.06"]
[EventType "swiss"]
[EventRounds "9"]
[EventCountry "SVK"]
[TimeControl "6000+660"]
[WhiteClock "0:47:59"]
[BlackClock "0:51:18"]

1. e4 e5 2. Nf3 Nc6 3. Bb5 Nd4 4. Nxd4 exd4 5. d3 Bc5 6. O-O c6 7. Bc4 d5 8. Bb3 dxe4 9. Qh5 Qe7 10. Bg5 Qc7 11. Nd2 Bf5 12. Bf4 g6 13. Qxf5 gxf5 1-0

[Event "SVK-ch op"]
[Site "Banska Stiavnica SVK"]
[Date "2013.07.08"]
[Round "3.8"]
[White "Oszczanowski, Witold"]
[Black "Krnan, Tomas"]
[Result "0-1"]
[WhiteElo "1936"]
[BlackElo "2411"]
[PlyCount "102"]
[GameId "2129404788672074"]
[EventDate "2013.07.06"]
[EventType "swiss"]
[EventRounds "9"]
[EventCountry "SVK"]
[TimeControl "6000+925"]
[WhiteClock "0:17:49"]
[BlackClock "0:12:28"]

1. e4 d5 2. exd5 Nf6 3. Bb5+ Bd7 4. Bc4 b5 5. Bb3 a5 6. a3 Bc8 7. Nc3 Ba6 8. Qf3 Nbd7 9. d4 g6 10. Bg5 Bg7 11. Nge2 O-O 12. O-O Nb6 13. Bxf6 exf6 14. Ne4 b4 15. axb4 axb4 16. Rfe1 Bxe2 17. Qxe2 Rxa1 18. Rxa1 f5 19. Nc5 Bxd4 20. Nd3 Qf6 21. Nxb4 Bxb2 22. Rd1 Bc3 23. Nc6 Kg7 24. Qf3 Re8 25. g3 Nc8 26. Rd3 Re1+ 27. Kg2 Bb2 28. Re3 Rc1 29. d6 Nxd6 30. Re7 Ba3 31. Rxc7 Qa1 32. Qe2 Re1 33. Qd3 Rd1 34. Qe2 Re1 35. Qd3 Rd1 36. Qe2 Rg1+ 37. Kh3 Qc1 38. f4 Re1 39. Qf3 Re3 40. Qg2 Qd1 41. Qd5 Qh5+ 42. Kg2 Qe2+ 43. Kh3 Kh6 44. Ne5 Qh5+ 45. Kg2 Re2+ 46. Kf1 Rxh2 47. Qf3 Qh3+ 48. Kg1 Bb2 49. c3 Bc1 50. Bd5 Rh1+ 51. Qxh1 Be3# 0-1

[Event "SVK-ch op"]
[Site "Banska Stiavnica SVK"]
[Date "2013.07.09"]
[Round "4.2"]
[White "Krnan, Tomas"]
[Black "Markos, Jan"]
[Result "1/2-1/2"]
[WhiteElo "2411"]
[BlackElo "2580"]
[PlyCount "86"]
[GameId "2129404788672101"]
[EventDate "2013.07.06"]
[EventType "swiss"]
[EventRounds "9"]
[EventCountry "SVK"]
[TimeControl "6000+2050"]
[WhiteClock "0:25:20"]
[BlackClock "0:26:03"]

1. e4 c5 2. Nf3 Nc6 3. d4 cxd4 4. Nxd4 e5 5. Nb5 d6 6. c4 Be7 7. N1c3 a6 8. Na3 f5 9. exf5 Bxf5 10. Bd3 Be6 11. O-O Nf6 12. Nc2 O-O 13. b3 Rc8 14. Ne4 Qd7 15. Bb2 Ng4 16. Qe2 Nh6 17. Ne3 Rf4 18. Rad1 Rcf8 19. Bb1 Nf5 20. Nc5 Ncd4 21. Bxd4 dxc5 22. Bxe5 Nd4 23. Qd3 Rh4 24. f4 Bf6 25. Qe4 Qf7 26. Rd2 Bxe5 27. Qxe5 Rxf4 28. Rxf4 Qxf4 29. Qxf4 Rxf4 30. Rf2 Rf7 31. Rxf7 Kxf7 32. Kf2 b5 33. cxb5 axb5 34. Bd3 h6 35. Nc2 Nxc2 36. Bxc2 b4 37. Ke3 Kf6 38. Bd3 Ke5 39. Bc2 Bd5 40. g3 Be6 41. Bd3 Bf7 42. Bc2 Kf6 43. Bd3 Ke5 1/2-1/2

[Event "SVK-ch op"]
[Site "Banska Stiavnica SVK"]
[Date "2013.07.10"]
[Round "5.6"]
[White "Repkova, Eva"]
[Black "Krnan, Tomas"]
[Result "0-1"]
[WhiteElo "2374"]
[BlackElo "2411"]
[PlyCount "80"]
[GameId "2129404788672135"]
[EventDate "2013.07.06"]
[EventType "swiss"]
[EventRounds "9"]
[EventCountry "SVK"]
[TimeControl "6000+1525"]
[WhiteClock "0:10:54"]
[BlackClock "0:04:19"]

1. e4 e6 2. b3 d5 3. Bb2 Nf6 4. e5 Ng8 5. f4 c5 6. Nf3 Nc6 7. Bd3 h5 8. g3 Nh6 9. Nh4 g6 10. Nxg6 fxg6 11. Bxg6+ Kd7 12. Bxh5 Nf5 13. Na3 Qa5 14. c3 b5 15. Bf3 Ba6 16. Nc2 Qb6 17. Qe2 b4 18. c4 dxc4 19. bxc4 Rd8 20. Be4 Nfd4 21. Nxd4 cxd4 22. d3 Bc5 23. h4 Ne7 24. g4 Bb7 25. O-O-O b3 26. axb3 Qxb3 27. f5 Bxe4 28. Qxe4 Rb8 29. Rd2 Kc7 30. fxe6 Bb4 31. Rc2 Bc3 32. Qg2 Nc6 33. Rf1 Nxe5 34. Rd1 Bxb2+ 35. Rxb2 Qc3+ 36. Rc2 Nxd3+ 37. Rxd3 Qxd3 38. Qh2+ Kc8 39. Qg2 Qa3+ 40. Kd2 Qe3+ 0-1

[Event "SVK-ch op"]
[Site "Banska Stiavnica SVK"]
[Date "2013.07.11"]
[Round "6.3"]
[White "Krnan, Tomas"]
[Black "Pacher, Milan"]
[Result "1-0"]
[WhiteElo "2411"]
[BlackElo "2455"]
[PlyCount "101"]
[GameId "2129404788672163"]
[EventDate "2013.07.06"]
[EventType "swiss"]
[EventRounds "9"]
[EventCountry "SVK"]
[TimeControl "6000+840"]
[WhiteClock "0:10:34"]
[BlackClock "1:00:41"]

1. Nf3 Nf6 2. g3 d5 3. Bg2 c6 4. O-O Bf5 5. d3 h6 6. Nbd2 e6 7. Qe1 Be7 8. e4 Bh7 9. Qe2 O-O 10. Ne5 Nbd7 11. Nxd7 Nxd7 12. Nb3 a5 13. a4 Nc5 14. Nxc5 Bxc5 15. c3 dxe4 16. dxe4 Qb6 17. Qc4 Rfd8 18. Rb1 Rd7 19. Bf3 Rad8 20. Kg2 Kh8 21. b4 axb4 22. cxb4 Bd4 23. a5 Qa7 24. Qe2 c5 25. bxc5 Qxa5 26. Rb5 Qa6 27. Bb2 e5 28. Bxd4 exd4 29. Rfb1 d3 30. Qd2 Qe6 31. R1b4 Rd4 32. Rxd4 Rxd4 33. Qe3 Bxe4 34. Qxd4 Bxf3+ 35. Kxf3 Qc6+ 36. Ke3 Qxb5 37. Qd8+ Kh7 38. Qxd3+ Qxd3+ 39. Kxd3 Kg6 40. Kc4 Kf6 41. Kb5 Ke6 42. Kb6 Kd5 43. Kxb7 Kxc5 44. Kc7 g5 45. Kd7 Kd4 46. Ke7 f5 47. Kf6 Ke4 48. Kg6 f4 49. gxf4 gxf4 50. Kxh6 f3 51. Kg5 1-0

[Event "SVK-ch op"]
[Site "Banska Stiavnica SVK"]
[Date "2013.07.12"]
[Round "7.2"]
[White "Krnan, Tomas"]
[Black "Petrik, Tomas"]
[Result "1-0"]
[WhiteElo "2411"]
[BlackElo "2512"]
[PlyCount "85"]
[GameId "2129404788672192"]
[EventDate "2013.07.06"]
[EventType "swiss"]
[EventRounds "9"]
[EventCountry "SVK"]
[TimeControl "6000+1180"]
[WhiteClock "0:29:00"]
[BlackClock "0:14:42"]

1. e4 e6 2. d4 d5 3. Nc3 Bb4 4. e5 Ne7 5. a3 Bxc3+ 6. bxc3 c5 7. h4 Qc7 8. Nf3 b6 9. Bb5+ Bd7 10. Bd3 c4 11. Be2 Ba4 12. h5 h6 13. Nh4 Nbc6 14. f4 O-O-O 15. Bg4 Qd7 16. Bh3 Kb7 17. O-O g6 18. g4 gxh5 19. gxh5 Ka6 20. Be3 Rdg8+ 21. Kh2 Rh7 22. Qd2 Rhg7 23. Rg1 Qe8 24. Rxg7 Rxg7 25. Rf1 Qg8 26. Qf2 Rg4 27. f5 Bxc2 28. f6 Nc8 29. Bxh6 Bd3 30. Rg1 Rxg1 31. Qxg1 Qh7 32. Qe3 b5 33. Qf4 Nb6 34. Bg4 Nb8 35. Nf3 Na4 36. Bg7 Bb1 37. Qd2 Nd7 38. Ng5 Qd3 39. Qxd3 cxd3 40. Nf3 d2 41. Nxd2 Bc2 42. h6 Nxc3 43. Bh5 1-0

[Event "SVK-ch op"]
[Site "Banska Stiavnica SVK"]
[Date "2013.07.13"]
[Round "8.1"]
[White "Banusz, Tamas"]
[Black "Krnan, Tomas"]
[Result "1/2-1/2"]
[WhiteElo "2588"]
[BlackElo "2411"]
[PlyCount "120"]
[GameId "2129404788672220"]
[EventDate "2013.07.06"]
[EventType "swiss"]
[EventRounds "9"]
[EventCountry "SVK"]
[TimeControl "6000+1105"]
[WhiteClock "0:45:40"]
[BlackClock "0:26:53"]

1. Nf3 f5 2. d4 Nf6 3. g3 g6 4. Bg2 Bg7 5. O-O O-O 6. b3 d6 7. Bb2 c6 8. Nbd2 a5 9. a3 Na6 10. Ne1 e5 11. dxe5 Ng4 12. Nd3 Nxe5 13. Nxe5 Bxe5 14. Bxe5 dxe5 15. Nc4 Qc7 16. Qd2 a4 17. Qe3 axb3 18. cxb3 e4 19. Nb6 Rb8 20. Rfd1 Be6 21. f3 f4 22. gxf4 Qxf4 23. Qxf4 Rxf4 24. e3 Rf7 25. f4 Bxb3 26. Rd4 Re8 27. Nd7 Bd5 28. Ne5 Rg7 29. Bxe4 Bxe4 30. Rxe4 g5 31. Kf2 gxf4 32. exf4 Nc5 33. Re3 Rf8 34. Rf3 Nd7 35. Nxd7 Rxd7 36. Re1 Rd2+ 37. Kg3 Kf7 38. Rfe3 Rg8+ 39. Kf3 Rxh2 40. Re7+ Kf6 41. R1e6+ Kf5 42. Re5+ Kf6 43. R7e6+ Kf7 44. Re7+ Kf6 45. a4 Ra2 46. R7e6+ Kf7 47. Re7+ Kf6 48. Rxb7 Ra3+ 49. Re3 Rxe3+ 50. Kxe3 Ra8 51. Rxh7 Rxa4 52. Rh6+ Kf5 53. Rh5+ Ke6 54. Kf3 Ra1 55. Re5+ Kd6 56. Re8 c5 57. f5 Rf1+ 58. Kg4 Kd5 59. Rc8 c4 60. Kg5 Ke5 1/2-1/2

[Event "SVK-ch op"]
[Site "Banska Stiavnica SVK"]
[Date "2013.07.14"]
[Round "9.1"]
[White "Krnan, Tomas"]
[Black "Michalik, Peter"]
[Result "1/2-1/2"]
[WhiteElo "2411"]
[BlackElo "2579"]
[PlyCount "149"]
[GameId "2129404788737786"]
[EventDate "2013.07.06"]
[EventType "swiss"]
[EventRounds "9"]
[EventCountry "SVK"]
[TimeControl "5400+815"]
[WhiteClock "0:01:32"]
[BlackClock "0:48:31"]

1. e4 c6 2. d4 d5 3. Nc3 dxe4 4. Nxe4 Bf5 5. Ng3 Bg6 6. h4 h6 7. h5 Bh7 8. Nf3 Nd7 9. Bd3 Bxd3 10. Qxd3 e6 11. Bd2 Ngf6 12. O-O-O Be7 13. Kb1 O-O 14. Ne4 Nxe4 15. Qxe4 Nf6 16. Qd3 Qd5 17. c4 Qe4 18. Qxe4 Nxe4 19. Be3 f5 20. Nd2 Nf6 21. f3 Bd6 22. Kc2 Rfe8 23. Nb1 e5 24. dxe5 Bxe5 25. Rd3 b6 26. Nc3 Re7 27. Bd4 Rae8 28. b4 Kf7 29. a3 Rd7 30. Bxe5 Rxe5 31. Rxd7+ Nxd7 32. Kd2 Re8 33. Rh4 Ne5 34. Rf4 g5 35. hxg6+ Kxg6 36. Kc2 Kg5 37. Rd4 c5 38. bxc5 bxc5 39. Rd5 Nxc4 40. Rxc5 Ne3+ 41. Kd3 Nxg2 42. Ne4+ Kf4 43. Rxf5+ Kxf5 44. Nd6+ Kf4 45. Nxe8 Kxf3 46. Ng7 Nh4 47. a4 Kf4 48. Ne6+ Kg4 49. Ng7 Nf5 50. Ne8 Kg5 51. Ke4 h5 52. Nc7 Kg4 53. Nd5 Ng3+ 54. Ke3 h4 55. Kf2 Nf5 56. Kg2 a5 57. Nf6+ Kf4 58. Kh3 Ke5 59. Nh5 Kd4 60. Kg4 Ne3+ 61. Kxh4 Nd5 62. Kg3 Nc3 63. Kf2 Kd3 64. Nf4+ Kd2 65. Kf3 Nxa4 66. Nd5 Kd3 67. Kf2 Kc4 68. Ne3+ Kb3 69. Ke2 Nc3+ 70. Kd3 Na2 71. Kd2 a4 72. Nc2 Kb2 73. Ne3 Nb4 74. Nc4+ Kb1 75. Kc3 1/2-1/2